| 000 | 00958cam a22002533a 4500 | ||
|---|---|---|---|
| 001 | 31473 | ||
| 003 | PGUSA | ||
| 005 | 20140828083700.0 | ||
| 008 | 100302s2010||||xxu|||||s|||||000 1 eng d | ||
| 040 |
_aPGUSA _beng |
||
| 042 | _adc | ||
| 050 | 4 | _aPS | |
| 100 | 1 |
_aJewett, Sarah Orne, _d1849-1909 |
|
| 245 | 1 | 4 |
_aThe Life of Nancy _h[electronic resource] / _cSarah Orne Jewett |
| 260 |
_bProject Gutenberg, _c2010 |
||
| 505 | 0 | _aThe life of Nancy -- Fame's little day -- A war debt -- The Hiltons' holiday -- The only rose -- A second spring -- Little French Mary -- The guests of Mrs. Timms -- A neighbor's landmark -- All my sad captains -- A winter courtship. | |
| 506 | _aPublic domain in the USA. | ||
| 516 | _aElectronic text | ||
| 653 | _aNew England -- Social life and customs -- Fiction | ||
| 653 | _aWomen -- New England -- Fiction | ||
| 830 | 0 |
_aProject Gutenberg _v31473 |
|
| 856 | 4 | 0 | _uhttp://www.gutenberg.org/ebooks/31473 |
| 942 | _cEB | ||
| 999 |
_c260728 _d260728 |
||